000 00289nam a22001217a 4500
020 _a572-00344-7
082 _a621.381528 LYT'H
100 _aLYTEL, ALLAN
_957411
245 _aHANDBOOK OF TRANSISTOR CIRCUITS
260 _aENGLAND
_bFOULSHMAN SAMA
_c1965
300 _a244P
942 _cBK
999 _c567697
_d567697